Ładuje się......

Leadership in management of Global business

Opis bibliograficzny
Kolejni autorzy: Vivek Deolankar,Ed
Format: Printed Book
Wydane: New Delhi Commonwealth publishers 2017
Hasła przedmiotowe:
LEADER 00498nam a22001457a 4500
999 |c 57189  |d 57189 
020 |a 978813105719 
082 |a 658.4092  |b LEA 
245 |a Leadership in management of Global business 
260 |a New Delhi  |b Commonwealth publishers  |c 2017 
300 |a 270p. 
650 |a India  |a Industrial management  |a Leadership 
700 |a Vivek Deolankar,Ed. 
942 |c BK 
952 |0 0  |1 0  |4 0  |6 658_409200000000000_LEA  |7 0  |9 64226  |a KUCL  |c Stack  |d 2019-05-09  |g 1150.00  |l 0  |o 658.4092 LEA  |p 49020  |r 2019-05-09  |y BK